logo

Bir Sreshtho Munshi Abdur Rouf Library
Jhenaidah Cadet College

The American : notes / (Record no. 10450)

MARC details
000 -LEADER
fixed length control field 00557nam a22002177a 4500
001 - CONTROL NUMBER
JCCL Control Number 10450
003 - CONTROL NUMBER IDENTIFIER
JCCL marc code BD-JhCC
005 - DATE AND TIME OF LATEST TRANSACTION
control field 20180428102941.0
008 - FIXED-LENGTH DATA ELEMENTS--GENERAL INFORMATION
fixed length control field 180428b1965 as ||||| |||| 00| 0 eng d
035 ## - SYSTEM CONTROL NUMBER
system control number (BD-JhCC)10450
040 ## - CATALOGING SOURCE
Original cataloging agency BD-JhCC
Modifying agency BD-JhCC
041 ## - LANGUAGE CODE
Language code of Book eng
082 ## - DEWEY DECIMAL CLASSIFICATION NUMBER
Classification number 813.4
Author mark and Year JAM 1965
100 ## - MAIN ENTRY--PERSONAL NAME
Personal name James L., Roberts,
245 ## - TITLE STATEMENT
Title The American : notes /
Statement of responsibility, etc Roberts, James L.,
260 ## - PUBLICATION, DISTRIBUTION, ETC. (IMPRINT)
Place of publication, distribution, etc Lincoln :
Name of publisher, distributor, etc Neb. : Cliffs Notes Inc.,
Date of publication, distribution, etc 1965.
300 ## - PHYSICAL DESCRIPTION
Pagination 79 p. :
Dimensions 22 cm.
650 ## - SUBJECT ADDED ENTRY--TOPICAL TERM
Topical term or geographic name as entry element Examinations
942 ## - ADDED ENTRY ELEMENTS (KOHA)
Source of classification or shelving scheme Dewey Decimal Classification
Koha item type Reference
Holdings
Source of classification or shelving scheme Damaged status Not for loan Home library Current library Shelving location Date of accession Total Checkouts Full call number Barcode Date last seen Copy number Koha item type
Dewey Decimal Classification     JCC Rouf Library JCC Rouf Library General Stacks 04/28/2018   813.4 JAM 1965 13960 04/28/2018 C-1 Reference
Dewey Decimal Classification     JCC Rouf Library JCC Rouf Library General Stacks 04/28/2018   813.4 JAM 1965 13959 04/28/2018 C-2 Reference
Dewey Decimal Classification     JCC Rouf Library JCC Rouf Library General Stacks 04/28/2018   813.4 JAM 1965 13958 04/28/2018 C-3 Reference
Dewey Decimal Classification     JCC Rouf Library JCC Rouf Library General Stacks 04/28/2018   813.4 JAM 1965 13957 04/28/2018 C-4 Reference

JCC Library | Contacts | JCC Home

Last Update on 23 September 2017
Copyright @ 2017-2020 JCC Rouf Library
Rouf Library, Jhenidah Cadet College (JCC), Bangladesh